Historia de la Argentina (Registro nro. 4235)

Detalles MARC
000 -LEADER
fixed length control field 01093 a2200217 4500
001 - CONTROL NUMBER
control field 46708
005 - DATE AND TIME OF LATEST TRANSACTION
control field 20260407155737.0
008 - FIXED-LENGTH DATA ELEMENTS--GENERAL INFORMATION
fixed length control field 260407a1999 arg spa d
003 - CONTROL NUMBER IDENTIFIER
control field AR-UNSa-BCEJYS
040 ## - CATALOGING SOURCE
Original cataloging agency AR-UNSa-BCEJYS
Language of cataloging spa
Transcribing agency AR-UNSa-BCEJYS
080 ## - UNIVERSAL DECIMAL CLASSIFICATION NUMBER
Universal Decimal Classification number 94(82)
Common auxiliary subdivision Historia de Argentina
020 ## - INTERNATIONAL STANDARD BOOK NUMBER
International Standard Book Number 950-20-1176-7
100 1# - MAIN ENTRY--PERSONAL NAME
Personal name Palacio, Ernesto
245 10 - TITLE STATEMENT
Title Historia de la Argentina
Name of part/section of a work 1515-1989
250 ## - EDITION STATEMENT
Edition statement 17 ed.
264 #1 - PRODUCTION, PUBLICATION, DISTRIBUTION, MANUFACTURE, AND COPYRIGHT NOTICE
Date of production, publication, distribution, manufacture, or copyright notice 1999
300 ## - PHYSICAL DESCRIPTION
Extent 795 p.
Dimensions 23 cm.
505 ## - FORMATTED CONTENTS NOTE
Formatted contents note Libro I : Una provincia del imperio Español ( 1515 – 1750 ) - - Libro II : La crisis del imperio ( 1750 – 1810 ) - - Libro III : Segregación y guerras externas e internas por la independencia y la libertad ( 1810 – 1835 ) - - Libro IV : La confederación – luchas por la unidad, la independencia y el poder ( 1835 – 1851 ) - - Libro V : Derrota nacional y gobierno de los emigrados ( 1851 – 1874 ) - - Libro VI : La Republica liberal y mercantil ( 1874 – 1910 ) - - Libro VII : La crisis del régimen ( 1910 – 1938 ).
590 ## - LOCAL NOTE (RLIN)
Local note niveau_biblio:m niveau_hierar:0
942 ## - ADDED ENTRY ELEMENTS (KOHA)
Koha item type
Existencias
Withdrawn status Lost status Damaged status Not for loan Home library Current library Shelving location Date acquired Total checkouts Full call number Barcode Date last seen Price effective from Koha item type
        Biblioteca Prof. Eusebio Cleto del Rey Biblioteca Prof. Eusebio Cleto del Rey   07/04/2026   94(82) P153 17ed. L86039 07/04/2026 07/04/2026 Libro
        Biblioteca Prof. Eusebio Cleto del Rey Biblioteca Prof. Eusebio Cleto del Rey   07/04/2026   94(82) P153 17ed. L86038 07/04/2026 07/04/2026 Libro